Science Quiz

Random Science or Elements Quiz

'D' Element Symbols Quiz Stats

 Plays Quiz Updated Jun 16, 2018

Score 0/8 Timer 02:00
0 Plays Today
Atomic Number Element % Correct
48Cadmium
77.1%
105Dubnium
68.8%
110Darmstadtium
68.2%
46Palladium
66.2%
66Dysprosium
63.8%
64Gadolinium
56%
60Neodymium
53.2%
101Mendelevium
52.9%

You're not logged in!

Compare scores with friends on all Sporcle quizzes.
OR
Log In

Sporcle TV

Today on Sporcle TV


Watch our educational content, quiz creation guides, and fun videos on Sporcle TV.

Show Comments

Extras

Top Quizzes Today


Score Distribution

Your Account Isn't Verified!

In order to create a playlist on Sporcle, you need to verify the email address you used during registration. Go to your Sporcle Settings to finish the process.

Report this User

Report this user for behavior that violates our Community Guidelines.

Details: